000 00443nam a2200145 i 4500
001 97392
003 ES-MaACL
005 20230906182107.0
007 t|
008 050712s1903 sp ||||1| spa d
100 1 _aMarco y Montón, Juan.
_976492
245 1 0 _aEstudio analítico-gráfico de las corrientes alternativas simples y polifásicas /
_cJuan Marco y Montón.
260 _aZaragoza :
_b[s.n.],
_c1903.
852 _aES-MaACL
_jT-1043-F-7
999 _c97392
_d97392